[Event "Mumbai Mayors Cup 5th"]
[Site "Mumbai"]
[Date "2012.06.07"]
[Round "1"]
[White "Vaidya, Atharv"]
[Black "Kunte, Abhijit"]
[Result "0-1"]
[WhiteElo "1727"]
[BlackElo "2538"]
[PlyCount "96"]
[EventDate "2012.06.07"]
[EventType "swiss"]
[EventRounds "11"]
[EventCountry "IND"]
[SourceTitle "CBM 148 Extra"]
[Source "ChessBase"]
[SourceDate "2012.06.22"]
[SourceVersion "1"]
[SourceVersionDate "2012.06.22"]
[SourceQuality "1"]

1. e4 c5 2. Nc3 e6 3. g3 a6 4. Bg2 b5 5. d3 Bb7 6. f4 b4 7. Nce2 f5 8. Nh3 Nf6 9. Nf2 Qc7 10. 0-0 Be7 11. Re1 0-0 12. exf5 Bxg2 13. Kxg2 exf5 14. Nd4 cxd4 15. Rxe7 Nc6 16. Re1 Qa5 17. Bd2 Qc5 18. Kg1 Rae8 19. Rc1 Nd5 20. Qf3 Re3 21. Qg2 Re6 22. Kh1 Rfe8 23. Rxe6 dxe6 24. c3 bxc3 25. bxc3 Qa5 26. Nd1 Qxa2 27. c4 Ndb4 28. Bxb4 Qxg2+ 29. Kxg2 Nxb4 30. Nf2 Nc6 31. Rb1 Rb8 32. Rxb8+ Nxb8 33. Nh3 h6 34. Kf1 Nc6 35. Ke2 Kf7 36. Ng1 e5 37. fxe5 Nxe5 38. h3 g5 39. Kd2 Ke6 40. Ne2 Nc6 41. Ng1 Kd6 42. Nf3 Kc5 43. Kc2 Kb4 44. Kb2 a5 45. Ne1 Ne5 46. Nc2+ Kc5 47. Ne1 f4 48. gxf4 gxf4 0-1